| 000 | 01565cam a22003854a 4500 | ||
|---|---|---|---|
| 001 | 14381852 | ||
| 003 | NUST | ||
| 005 | 20220420121119.0 | ||
| 008 | 060518r20062004mau b 001 0 eng | ||
| 010 | _a 2006014922 | ||
| 020 | _a9781590303078 (pbk. : alk. paper) | ||
| 038 | _awaseem | ||
| 040 |
_aDLC _cDLC _dDLC |
||
| 042 | _apcc | ||
| 050 | 0 | 0 |
_aHQ773.6 _b.D54 2006 |
| 082 | 0 | 0 |
_a306.874087 _222 |
| 245 | 1 | 2 |
_aA different kind of perfect : _bwritings by parents on raising a child with special needs / _cedited by Bernadette Thomas and Cindy Dowling ; chapter introductions by Neil Nicoll. |
| 250 | _a1st Trumpeter ed. | ||
| 260 |
_aBoston : _bTrumpeter, _c2006. |
||
| 300 |
_axvii, 262 p. ; _c24 cm. |
||
| 500 | _aOriginally published: Lessons from my child. Lane Cove, NSW : Finch, c2004. | ||
| 504 | _aIncludes bibliographical references and index. | ||
| 563 | _aPBK. | ||
| 650 | 0 |
_aChildren with disabilities _xFamily relationships. _991084 |
|
| 650 | 0 |
_aChildren with disabilities _xCare. _991085 |
|
| 650 | 0 |
_aParents of children with disabilities. _991086 |
|
| 650 | 0 |
_aParent and child. _945973 |
|
| 650 | 0 |
_aParenting. _91867 |
|
| 700 | 1 |
_aThomas, Bernadette, _d1960- _991087 |
|
| 700 | 1 |
_aDowling, Cindy. _991088 |
|
| 856 | 4 | 1 |
_3Table of contents only _uhttp://www.loc.gov/catdir/toc/fy0712/2006014922.html |
| 906 |
_a7 _bcbc _corignew _d1 _eecip _f20 _gy-gencatlg |
||
| 942 |
_2ddc _cBK |
||
| 999 |
_c589253 _d589253 |
||